Recovery of faith / (Record no. 1731)
[ view plain ]
| 000 -LEADER | |
|---|---|
| fixed length control field | 00404cam a2200169ua 4500 |
| 041 ## - LANGUAGE CODE | |
| Language code of text/sound track or separate title | eng |
| 082 ## - DEWEY DECIMAL CLASSIFICATION NUMBER | |
| Classification number | 291.22 |
| Item number | RAD/RE |
| 100 ## - MAIN ENTRY--AUTHOR NAME | |
| Personal name | Radhakrishnan, . |
| 245 ## - TITLE STATEMENT | |
| Title | Recovery of faith / |
| 260 ## - PUBLICATION, DISTRIBUTION, ETC. (IMPRINT) | |
| Place of publication | : |
| Name of publisher | George Allen & Unwin Ltd , |
| Year of publication | 1961. |
| 300 ## - PHYSICAL DESCRIPTION | |
| Number of Pages | 204 ; . |
| 942 ## - ADDED ENTRY ELEMENTS (KOHA) | |
| Koha item type | Books |
| Withdrawn status | Lost status | Damaged status | Home library | Current library | Date acquired | Full call number | Accession Number | Koha item type |
|---|---|---|---|---|---|---|---|---|
| Withdrawn | KAUAET | Sanskrit University | 07/04/2012 | 291.22 | 4158 | Books |
